000 00949nam a22003730a 4500
001 PT40210
003 AR-LpoUNG
005 20210131230715.0
008 191001s2004||||ag |||||||||||||||||spa d
020 _a9500515288
_c$20.75
040 _aAR-LpoUNG
_bspa
_cAR-LpoUNG
_eaacr
041 _aspa
044 _aag
082 0 _aR791.43 638fug
100 1 _aBlanco Pazos, Roberto
245 1 0 _aDe la fuga a la fuga :
_bdiccionario de films policiales
250 _a1§ edición
260 _aBuenos Aires :
_bCorregidor,
_c2004.
300 _avii, 503 p. :
_bil.
650 4 _aASPECTOS TECNICOS
650 4 _aBIBLIOGRAFIAS
650 4 _aCINE
650 4 _aDICCIONARIOS
650 4 _aFOTOS
650 4 _aMATERIAL DE REFERENCIA
650 4 _aPELICULAS
651 4 _aArgentina
653 _aCINE ARGENTINO
653 _aCINE POLICIAL
653 _aPOLICIALES
700 1 _aClemente, Raúl
905 _a40210
942 _cLSALA
999 _c5745
_d5745